Vẻ đẹp của tập thơ Nhật kí trong tù của Hồ Chí Minh /

Nhân kỷ niệm 113 năm năm sinh Chủ tịch Hồ Chí Minh (19-5-1890 – 2003) và thi phẩm Nhật ký trong tù vừa được dịch sang tiếng Hàn, trường Đại học Young San, Busan Campus trân trọng giới thiệu bài viết mở đầu tập sách của nhà Việt Nam học – Dịch giả – PGS.TS. Ahn Kyong Hwan....

Cijeli opis

Spremljeno u:
Bibliografski detalji
Glavni autor: Ahn Kyong Hwan
Format: Članak
Jezik:Vietnamese
Teme:
Oznake: Dodaj oznaku
Bez oznaka, Budi prvi tko označuje ovaj zapis!
Thư viện lưu trữ: Thư viện Trường Đại học Đà Lạt
LEADER 01127nam a2200277 4500
001 DLU090103323
040 # # |a DLU  |b vie 
041 # # |a vie 
044 # # |a vn 
100 # # |a Ahn Kyong Hwan  
245 # # |a Vẻ đẹp của tập thơ Nhật kí trong tù của Hồ Chí Minh /  |c Ahn Kyong Hwan  
520 # # |a Nhân kỷ niệm 113 năm năm sinh Chủ tịch Hồ Chí Minh (19-5-1890 – 2003) và thi phẩm Nhật ký trong tù vừa được dịch sang tiếng Hàn, trường Đại học Young San, Busan Campus trân trọng giới thiệu bài viết mở đầu tập sách của nhà Việt Nam học – Dịch giả – PGS.TS. Ahn Kyong Hwan. 
600 # # |a Hồ Chí Minh.  |t Nhật kí trong tù 
653 # # |a Nghiên cưú văn học 
773 # # |a Tạp chí Văn học  |g Số 5 - 2003, tr. 3 - 6 
920 # # |a Phòng Tạp chí -- Trung tâm Thông tin - Thư viện Trường Đại học Đà Lạt 
933 # # |a NV 
994 # # |a DLU 
900 # # |a True 
911 # # |a Nguyễn Năng Hải 
925 # # |a G 
926 # # |a A 
927 # # |a BB 
980 # # |a Thư viện Trường Đại học Đà Lạt